Statistiche per Quiz sulla Villa Cusani Confalonieri

Clicka qui per fare il quiz!

Statistiche generali

  • Questo quiz è stato fatto 13 volte
  • Il punteggio medio è 6 su 9

Statistiche sulle risposte

DomandaRisposta% Corretto
Dove si trova la villa Cusani?Carate Brianza
89%
Che cos'é la villa Cusani?Una villa di delizia
89%
Prima della villa Cusani esisteva un edificio, da chi è stato distrutto?Federico I Barbarossa
78%
Attualmente una parte è diventata un luogo di fruizione pubblica, che cosa è diventata?Una biblioteca
78%
Di che tipo è il giardino della villa Cusani?All'Italiana
67%
Chi ha costruito la Villa Cusani?Francesco Taverna
56%
Che tipo di pianta ha la Villa Cusani?U
56%
Al complesso della villa Cusani appartiene anche un oratorio, di quale si tratta?Santa Maria Maddalena
44%
In che epoca è stato impiantato il giardino della Villa Cusani?Seicento
33%

Distribuzione punteggi

Percentile per numero di risposta

Percentuale di utenti per punteggio

I tuoi punteggi nel tempo

Non hai fatto questo quiz